| 000 | 00968nas a2200265 4500 | ||
|---|---|---|---|
| 001 | BR8102080 | ||
| 003 | BR-BrBNA | ||
| 005 | 20231205084628.0 | ||
| 007 | ta | ||
| 008 | 230509b bl.|||p| |||| 00| 00por d | ||
| 040 |
_aBR-BrBNA _bpor _cBiblioteca Nacional de Agricultura |
||
| 041 | _a(Pt) | ||
| 072 | _aH20 | ||
| 100 | 1 | _aMattos, A.P. de | |
| 100 | 1 | _aAguilar, J.A.E. | |
| 100 | 1 | _aNeiva, L.P.A. | |
| 245 | 1 | _aMetodo para determinar a disseminacao de Fusarium moniliforme var. subglutinans, no abacaxizeiro [Fusariose; Ananas comosus; Brasil] | |
| 246 | 1 | _aA method to evaluate the Fusarium moniliforme var. subglutinans dissemination in pineapple [Fusarium wilt; Ananas comosus; Brazil] | |
| 650 | _aDoenca de planta | ||
| 650 | _aAbacaxi | ||
| 650 | _aFusariose | ||
| 773 | 0 |
_tPesquisa Agropecuaria Brasileira (Brazil) _xISSN 0100-204X _g(May 1981), v. 16(3) p. 337-339 _wBR8102080 |
|
| 909 |
_a202311 _bLúcia _c55 _dLúcia Elande |
||
| 942 |
_2AGRIS _n0 _cANA |
||
| 999 |
_c106331 _d106331 |
||